Canciones de Disney más escuchadas en Spotify - Estadísticas

Estadísticas generales
  • Esta prueba ha sido intentada 79 veces
  • La puntuación promedio es 7 de 20
Estadísticas de respuestas
Número de escuchas Película Canción % Correcto
578.334.740 Encanto No se habla de Bruno
83%
339.941.373 Aladdín Un mundo ideal
77%
342.260.046 La sirenita Bajo el mar
65%
687.988.751 Moana / Vaiana De nada
59%
742.016.180 Moana / Vaiana ¿Qué hay más allá? / Cuán lejos voy
55%
396.183.848 Mulán Voy a hacer todo un hombre de ti / Hombres de acción
45%
251.582.081 High School Musical Breaking free
42%
1.009.922.332 High School Musical: The musical: The series All I want
39%
190.902.576 La sirenita Bésala
34%
314.327.840 La sirenita Parte de él
32%
216.540.864 Moana / Vaiana Brillante / Brillo
28%
251.232.213 Los Descendientes If only
28%
208.422.072 Mulán Reflejo / Mi reflejo
27%
290.171.033 Hércules No diré que es amor / No hablaré de mi amor
21%
189.036.729 Hércules No importa la distancia / Llegaré a mi meta
20%
372.362.412 Encanto En lo profundo / Peso
14%
385.039.274 Moana / Vaiana Aquí está / Tu lugar
11%
274.430.503 Moana / Vaiana Un nuevo hogar / Saber volver
10%
220.345.735 High School Musical 2 Gotta go my own way
8%
217.437.012 High School Musical: The musical: The series Can I have this dance
1%
No se encontraron pruebas coincidentes
Distribución de puntuación
Porcentaje de gente con cada puntuación
Porcentaje por número respondido
Historial de tus puntuaciones
No has intentado esta prueba.